Une grammaire turque du huitième siècle de l'hégire (Record no. 36828)

MARC details
000 -LEADER
campo de control de longitud fija 00732nam a2200193 i 4500
001 - NÚMERO DE CONTROL
campo de control 36828
003 - IDENTIFICADOR DE NÚMERO DE CONTROL
campo de control ES-MaACL
005 - FECHA Y HORA DE LA ÚLTIMA TRANSACCIÓN
campo de control 20230906155441.0
007 - CAMPO FIJO DE DESCRIPCIÓN FÍSICA--INFORMACIÓN GENERAL
campo de control de longitud fija t|
008 - DATOS DE LONGITUD FIJA--INFORMACIÓN GENERAL
campo de control de longitud fija 030219s1906 fr ||||1| fre d
100 1# - ENTRADA PRINCIPAL--NOMBRE DE PERSONA
Nombre de persona Bouvat, Lucien.
9 (RLIN) 31073
245 14 - MENCIÓN DEL TÍTULO
Título Une grammaire turque du huitième siècle de l'hégire
Resto del título : la pénétration dans la langue des Turcs d'Abou Hayyan al-Gharnati /
Mención de responsabilidad, etc. par Lucien Bouvat.
260 ## - PUBLICACIÓN, DISTRIBUCIÓN, ETC.
Lugar de publicación, distribución, etc. Paris :
Nombre del editor, distribuidor, etc. Leroux,
Fecha de publicación, distribución, etc. 1906.
300 ## - DESCRIPCIÓN FÍSICA
Extensión 36 p. ;
Dimensiones 25 cm.
500 ## - NOTA GENERAL
Nota general Extrait du tome III des "Actes du XIVe Congrès international des orientalistes"
650 #4 - PUNTO DE ACCESO ADICIONAL DE MATERIA--TÉRMINO DE MATERIA
Término de materia o nombre geográfico como elemento de entrada Lengua turca.
9 (RLIN) 140085
711 2# - ENTRADA AGREGADA--NOMBRE DE REUNIÓN
Nombre de congreso/reunión o jurisdicción como elemento de entrada Congrès International des Orientalistes (
Número del congreso/reunión o número de parte o sección 14.
Fecha del congreso o de la firma del tratado 1905.
Sede del congreso/Lugar de la reunión Alger)
9 (RLIN) 158584
852 ## - LOCALIZACIÓN
Ubicación ES-MaACL
Número de control de estantería T-1115-F-3
Holdings
Estatus retirado Estado de pérdida Estado de daño No para préstamo Colección Biblioteca de origen Biblioteca actual Ubicación en estantería Fecha de adquisición Fuente de adquisición Total de préstamos Signatura topográfica completa Código de barras Visto por última vez Precio de reemplazo Tipo de ítem Koha
        Colección de folletos Biblioteca del Ateneo de Madrid Biblioteca del Ateneo de Madrid Depósito folletos 17/01/2008     T-1115-F-3 1038729 23/02/2023 23/02/2023 Folleto